[Event "BCF-chT3 0405 (4NCL)"]
[Site "Telford"]
[Date "2005.05.28"]
[Round "9.5"]
[White "Glover, Richard R"]
[Black "Sirisena, Chantal"]
[Result "1/2-1/2"]
[WhiteElo "1940"]
[BlackElo "1927"]
[PlyCount "43"]
[EventDate "2004.11.06"]
[EventType "team"]
[EventRounds "11"]
[EventCountry "ENG"]
[SourceTitle "EXT 2006"]
[Source "ChessBase"]
[SourceDate "2005.11.24"]
[SourceVersion "1"]
[SourceVersionDate "2005.11.24"]
[SourceQuality "1"]
[WhiteTeam "Numerica 3CS II"]
[BlackTeam "Poisoned Pawns II"]
[WhiteTeamCountry "ENG"]
[BlackTeamCountry "ENG"]

1. e4 c5 2. Nf3 e6 3. Nc3 a6 4. d4 cxd4 5. Nxd4 Qc7 6. g3 Nf6 7. Bg2 Bb4 8. Bd2 0-0 9. 0-0 Bc5 10. Bg5 Qe5 11. Nf3 Qc7 12. e5 Ng4 13. Qe2 f6 14. exf6 Nxf6 15. Bf4 d6 16. Nd2 Nc6 17. Nb3 Nd4 18. Qd3 e5 19. Be3 Bf5 20. Qc4+ Qf7 21. Qxf7+ Rxf7 22. Nd5 1/2-1/2

[Event "BCF-chT3 0405 (4NCL)"]
[Site "Telford"]
[Date "2005.04.17"]
[Round "8.6"]
[White "Glover, Richard R"]
[Black "Smallbone, Kieran"]
[Result "0-1"]
[WhiteElo "1940"]
[BlackElo "2170"]
[PlyCount "74"]
[EventDate "2004.11.06"]
[EventType "team"]
[EventRounds "11"]
[EventCountry "ENG"]
[SourceTitle "EXT 2006"]
[Source "ChessBase"]
[SourceDate "2005.11.24"]
[SourceVersion "1"]
[SourceVersionDate "2005.11.24"]
[SourceQuality "1"]
[WhiteTeam "Numerica 3CS II"]
[BlackTeam "Oxford"]
[WhiteTeamCountry "ENG"]
[BlackTeamCountry "ENG"]

1. e4 c6 2. Nc3 d5 3. Nf3 dxe4 4. Nxe4 Nf6 5. Nxf6+ exf6 6. Bc4 Be7 7. 0-0 0-0 8. Re1 Bg4 9. c3 Nd7 10. Be2 Nc5 11. d4 Ne6 12. h3 Bh5 13. Nh4 Bxe2 14. Qxe2 g6 15. Qg4 Qd5 16. Qf3 b5 17. b3 f5 18. Qxd5 cxd5 19. Nf3 Rac8 20. Bb2 Rc7 21. g3 b4 22. c4 dxc4 23. bxc4 Bf6 24. Rac1 Rfc8 25. c5 Nxc5 26. Rxc5 Rxc5 27. dxc5 Bxb2 28. Re7 a5 29. Ra7 Rxc5 30. Ng5 f4 31. Ne4 Re5 32. Nd6 fxg3 33. Rxf7 Bd4 34. Kg2 gxf2 35. Rc7 Re1 36. Rc8+ Kg7 37. Rc7+ Kh6 0-1

[Event "BCF-chT3 0405 (4NCL)"]
[Site "Telford"]
[Date "2005.01.16"]
[Round "4.8"]
[White "Wilson, Julie Christine"]
[Black "Glover, Richard R"]
[Result "1-0"]
[WhiteElo "1944"]
[BlackElo "1940"]
[PlyCount "73"]
[EventDate "2004.11.06"]
[EventType "team"]
[EventRounds "11"]
[EventCountry "ENG"]
[SourceTitle "EXT 2006"]
[Source "ChessBase"]
[SourceDate "2005.11.24"]
[SourceVersion "1"]
[SourceVersionDate "2005.11.24"]
[SourceQuality "1"]
[WhiteTeam "SW Dragons II"]
[BlackTeam "Numerica 3CS II"]
[WhiteTeamCountry "ENG"]
[BlackTeamCountry "ENG"]

1. d4 Nf6 2. c4 e6 3. Nf3 b6 4. Bf4 Bb7 5. e3 Bb4+ 6. Nbd2 Ne4 7. a3 Be7 8. Nxe4 Bxe4 9. Be2 d6 10. 0-0 Nd7 11. Nd2 Bb7 12. e4 e5 13. dxe5 dxe5 14. Bg3 0-0 15. Qc2 Bd6 16. Rad1 Nc5 17. b4 Ne6 18. Nf3 f6 19. Rfe1 a5 20. c5 bxc5 21. Bc4 Qe7 22. bxc5 Bxc5 23. Bxe6+ Kh8 24. Bf5 Bd6 25. a4 g6 26. Bh3 g5 27. Bf5 h5 28. h4 Rg8 29. Qc1 Bc8 30. hxg5 fxg5 31. Qc3 Re8 32. Bg6 Rg8 33. Nxe5 Qf6 34. Bxh5 Kg7 35. Re3 Rh8 36. Rf3 Qd8 37. Nc6+ 1-0

[Event "BCF-chT3 0405 (4NCL)"]
[Site "Telford"]
[Date "2004.11.06"]
[Round "1.7"]
[White "Elwin, Adrian G"]
[Black "Glover, Richard R"]
[Result "0-1"]
[WhiteElo "2077"]
[BlackElo "1940"]
[PlyCount "111"]
[EventDate "2004.11.06"]
[EventType "team"]
[EventRounds "11"]
[EventCountry "ENG"]
[SourceTitle "EXT 2006"]
[Source "ChessBase"]
[SourceDate "2005.11.24"]
[SourceVersion "1"]
[SourceVersionDate "2005.11.24"]
[SourceQuality "1"]
[WhiteTeam "FCA Solutions"]
[BlackTeam "Numerica 3CS II"]
[WhiteTeamCountry "ENG"]
[BlackTeamCountry "ENG"]

1. Nf3 Nf6 2. c4 e6 3. d4 b6 4. Nc3 Bb4 5. Bg5 Bb7 6. e3 0-0 7. Bd3 c5 8. 0-0 cxd4 9. exd4 Bxc3 10. bxc3 d6 11. Nd2 Nbd7 12. Ne4 Qe7 13. Qf3 Kh8 14. Rae1 Rac8 15. Qh3 g6 16. Nxf6 Nxf6 17. Qh4 Kg7 18. Qh6+ Kg8 19. Re3 Ng4 20. Qxh7+ Kxh7 21. Rh3+ Kg7 22. Bxe7 Rh8 23. Rxh8 Kxh8 24. h3 Nh6 25. Bxd6 Ba6 26. f4 Bxc4 27. Bxc4 Rxc4 28. Rf3 Nf5 29. Be5+ Kg8 30. g4 Ne7 31. h4 Nd5 32. h5 Rxc3 33. Rxc3 Nxc3 34. hxg6 fxg6 35. a3 Nb5 36. a4 Nc3 37. Bb8 a6 38. Bc7 Nxa4 39. Kf2 b5 40. Ba5 Nb2 41. Ke2 Nc4 42. Bc3 Kf7 43. Kd3 a5 44. Be1 Ke7 45. d5 exd5 46. Kd4 Kd6 47. f5 gxf5 48. gxf5 b4 49. f6 Nb6 50. Bg3+ Ke6 51. Bc7 Nc4 52. Bd8 b3 53. Kc3 b2 54. Kc2 a4 55. Be7 a3 56. Kb1 0-1